Brentford Premier League XIs - Statistics

General Stats
  • This quiz has been taken 653 times
    258 since last reset
  • The average score is 14 of 21
Answer Stats
Answer % Correct
Bryan Mbeumo
97%
Yoane Wissa
96%
Ivan Toney
90%
Christian Nørgaard
87%
David Raya
83%
Mark Flekken
83%
Ethan Pinnock
75%
Mikkel Damsgaard
75%
Mathias Jensen
74%
Rico Henry
72%
Kevin Schade
70%
Nathan Collins
69%
Vitaly Janelt
67%
Ben Mee
60%
Keane Lewis-Potter
60%
Kristoffer Ajer
60%
Aaron Hickey
54%
Pontus Jansson
43%
Sepp van den Berg
39%
Sergi Canós
37%
Mads Roerslev
31%
No matching quizzes found
Score Distribution
Percent of People with Each Score
Percentile by Number Answered
Your Score History
You have not taken this quiz since the last reset